000 00436nam a22001817a 4500
003 OSt
005 20170427145728.0
008 170427b xxu||||| |||| 00| 0 eng d
020 _a9781849950046
040 _cDDC.
082 _a590MUR 2010.
100 _aMurray,Martyn;
_912120
245 _aThe Storm Leopard.
300 _axi,258p;
_bill:
_c25cm.
504 _aincludes end notes.
650 _aPhysics
_9809
942 _2ddc
_cO_SHELF
999 _c5835
_d5835